Indian Imprints On Ancient Europe (Record no. 370478)

MARC details
000 -LEADER
fixed length control field 00415nam a2200157 4500
005 - DATE AND TIME OF LATEST TRANSACTION
control field 20260220144223.0
008 - FIXED-LENGTH DATA ELEMENTS--GENERAL INFORMATION
fixed length control field 260220b |||||||| |||| 00| 0 eng d
041 ## - LANGUAGE CODE
Language code of text/sound track or separate title English
082 ## - DEWEY DECIMAL CLASSIFICATION NUMBER
Classification number X 891 RAJ
Item number B12227
100 ## - MAIN ENTRY--PERSONAL NAME
Author Raje Sudhakar
245 ## - TITLE STATEMENT
Title Indian Imprints On Ancient Europe
260 ## - PUBLICATION, DISTRIBUTION, ETC.
Place of publication, distribution, etc. Pune
Name of publisher, distributor, etc. Bharatiya Vichar Sadhana
Date of publication, distribution, etc. 2016
300 ## - PHYSICAL DESCRIPTION
Extent 196p
Other physical details pb
365 ## - TRADE PRICE
Price type code Rupaye
Price amount 250
Currency code INR
942 ## - ADDED ENTRY ELEMENTS (KOHA)
Koha item type Books
Holdings
Withdrawn status Lost status Source of classification or shelving scheme Damaged status Not for loan Home library Current library Date acquired Vendor Net Price Bill number Total Checkouts Full call number Barcode Date last seen Discount Actual Price Bill Date Koha item type Original Barcode
    Dewey Decimal Classification     Smt. Bakul Tambat Institute of Nursing Education Smt. Bakul Tambat Institute of Nursing Education 16/02/2026 Bhartiya Vichar Sadhana Foundation 175.00 HO/IN/606   X 891 RAJ B12227 BTIN-BK-12227 20/02/2026 30% 250.00 19/01/2026 Books BTIN-BK-12227